| 000 | 00000nas 2200000za 4500 |
| 001 | 9.858741 |
| 003 | CaOODSP |
| 005 | 20221107160055 |
| 007 | cr ||||||||||| |
| 008 | 180709d20002003oncar p o f0 a0eng|d |
| 022 | |a2561-875X |
| 040 | |aCaOODSP|beng |
| 043 | |an-cn--- |
| 086 | 1 |aCi1-31E-PDF|zCi51-94/2000E-PDF|zCi51-94/2003E-PDF |
| 222 | 0|aGuide to the Private Sponsorship of Refugees Program |b(Online) |
| 245 | 00|aGuide to the Private Sponsorship of Refugees Program |h[electronic resource]. |
| 260 | |a[Ottawa] : |bCitizenship and Immigration Canada |
| 310 | |aAnnual |
| 362 | 1 |aBegan with 2000; ceased with 2003. |
| 500 | |aIssued also in French under title: Guide du Programme de parrainage privé de réfugiés. |
| 692 | 07|2gccst|aRefugees |
| 692 | 07|2gccst|aFederal programs |
| 710 | 1 |aCanada. |bImmigration, Refugees and Citizenship Canada. |
| 710 | 1 |aCanada. |bCitizenship and Immigration Canada. |
| 775 | 08|tGuide du Programme de parrainage privé de réfugiés |w(CaOODSP)9.858743 |